[Event "MNE-ch 76th"]
[Site "Podgorica"]
[Date "2024.02.13"]
[Round "9"]
[White "Cadjenovic, Dragan"]
[Black "Milovic, Sofija"]
[Result "1-0"]
[WhiteElo "1809"]
[BlackElo "1348"]
[PlyCount "114"]
[EventDate "2024.02.06"]
[EventType "swiss"]
[EventRounds "11"]
[EventCountry "MNE"]
[SourceTitle "CB08_2024"]
[SourceDate "2024.02.21"]
[SourceVersion "1"]
[SourceVersionDate "2024.02.21"]
[SourceQuality "1"]

1. d4 Nf6 2. c4 e6 3. Nc3 Bb4 4. a3 Bxc3+ 5. bxc3 0-0 6. Nf3 d5 7. cxd5 exd5 8. Bg5 Bf5 9. e3 h6 10. Bh4 Nbd7 11. Bd3 Bxd3 12. Qxd3 c5 13. 0-0 Rc8 14. Rfb1 b6 15. Qa6 Qc7 16. Nd2 Rfe8 17. Qd3 Ne4 18. f3 Nxd2 19. Qxd2 cxd4 20. cxd4 Qc3 21. Qxc3 Rxc3 22. Rb5 g5 23. Bf2 Nf6 24. a4 Rec8 25. h4 Rc1+ 26. Rxc1 Rxc1+ 27. Kh2 Ra1 28. Rb4 g4 29. Bg3 Ra2 30. Be5 Nd7 31. fxg4 Nxe5 32. dxe5 Rc2 33. Rd4 Rc3 34. a5 Rc5 35. axb6 axb6 36. Kg3 Kg7 37. Kf3 Kg6 38. e4 dxe4+ 39. Kxe4 b5 40. Rd6+ Kg7 41. Rd7 b4 42. Rb7 Rc4+ 43. Kf5 h5 44. gxh5 Rxh4 45. g4 Rh1 46. Rxb4 Rf1+ 47. Rf4 Re1 48. Re4 Rf1+ 49. Kg5 Ra1 50. Rf4 Re1 51. Rf5 Re4 52. h6+ Kg8 53. Kf6 Rxg4 54. Rg5+ Rxg5 55. Kxg5 Kh7 56. Kf6 Kg8 57. h7+ Kxh7 1-0

[Event "MNE-ch 76th"]
[Site "Podgorica"]
[Date "2024.02.09"]
[Round "4"]
[White "Kadic, Branislav"]
[Black "Cadjenovic, Dragan"]
[Result "1/2-1/2"]
[WhiteElo "1970"]
[BlackElo "1809"]
[PlyCount "34"]
[EventDate "2024.02.06"]
[EventType "swiss"]
[EventRounds "11"]
[EventCountry "MNE"]
[SourceTitle "CB08_2024"]
[SourceDate "2024.02.21"]
[SourceVersion "1"]
[SourceVersionDate "2024.02.21"]
[SourceQuality "1"]

1. d4 c5 2. d5 e5 3. e4 d6 4. c4 f5 5. Nc3 Nf6 6. Bg5 Be7 7. Bxf6 Bxf6 8. Nf3 0-0 9. Be2 Na6 10. 0-0 Bd7 11. a4 Qe7 12. h3 Qf7 13. Rb1 Qg6 14. Kh2 fxe4 15. Nd2 Bh4 16. Ndxe4 Bf5 17. Bh5 Qh6 1/2-1/2

[Event "MNE-ch 76th"]
[Site "Podgorica"]
[Date "2024.02.07"]
[Round "2"]
[White "Djukanovic, Sreten"]
[Black "Cadjenovic, Dragan"]
[Result "1-0"]
[WhiteElo "2068"]
[BlackElo "1809"]
[PlyCount "50"]
[EventDate "2024.02.06"]
[EventType "swiss"]
[EventRounds "11"]
[EventCountry "MNE"]
[SourceTitle "CB08_2024"]
[SourceDate "2024.02.21"]
[SourceVersion "1"]
[SourceVersionDate "2024.02.21"]
[SourceQuality "1"]

1. d4 c5 2. d5 e5 3. e4 d6 4. Bb5+ Nd7 5. a4 Ngf6 6. Nc3 Be7 7. Nf3 0-0 8. 0-0 a6 9. Be2 Ne8 10. Nd2 g6 11. Nc4 Ng7 12. f4 f5 13. a5 Rb8 14. Ra3 Qc7 15. exf5 Nxf5 16. Ne4 b5 17. axb6 Nxb6 18. fxe5 Nxc4 19. Bxc4 Rb4 20. Qd3 Rb6 21. g4 Ng7 22. Rxf8+ Bxf8 23. e6 Ne8 24. Qf1 Bg7 25. Rf3 Nf6 1-0

[Event "MNT CupT"]
[Site "Cetinje"]
[Date "2023.07.11"]
[Round "4.3"]
[White "Vlatkovic, Milos"]
[Black "Cadjenovic, Dragan"]
[Result "1-0"]
[WhiteElo "2237"]
[BlackElo "1817"]
[PlyCount "53"]
[EventDate "2023.07.09"]
[EventType "team-swiss"]
[EventRounds "5"]
[EventCountry "MNE"]
[SourceTitle "CBM 215 Extra"]
[Source "ChessBase"]
[SourceDate "2023.09.30"]
[SourceVersion "1"]
[SourceVersionDate "2023.09.30"]
[SourceQuality "1"]
[WhiteTeam "Mimoza"]
[BlackTeam "Prosvjeta"]
[WhiteTeamCountry "MNE"]
[BlackTeamCountry "MNE"]

1. d4 d5 2. c4 c6 3. Nf3 Nf6 4. Nbd2 e6 5. e3 Nbd7 6. Bd3 Bd6 7. 0-0 0-0 8. e4 e5 9. cxd5 cxd5 10. exd5 exd4 11. Ne4 Nxe4 12. Bxe4 Nf6 13. Bg5 Re8 14. Qxd4 Be7 15. Rfe1 Bg4 16. Ne5 Bh5 17. Bf4 Nxe4 18. Rxe4 f6 19. Nc4 Bg6 20. Re3 b5 21. Nd2 Qd7 22. Nb3 Rad8 23. Rd1 Rc8 24. d6 Bd8 25. Nc5 Bb6 26. Qd5+ Bf7 27. Nxd7 1-0

[Event "MNT CupT"]
[Site "Cetinje"]
[Date "2023.07.09"]
[Round "1.3"]
[White "Pajkovic, Vladimir"]
[Black "Cadjenovic, Dragan"]
[Result "1-0"]
[WhiteElo "2410"]
[BlackElo "1817"]
[PlyCount "54"]
[EventDate "2023.07.09"]
[EventType "team-swiss"]
[EventRounds "5"]
[EventCountry "MNE"]
[SourceTitle "CBM 215 Extra"]
[Source "ChessBase"]
[SourceDate "2023.09.30"]
[SourceVersion "1"]
[SourceVersionDate "2023.09.30"]
[SourceQuality "1"]
[WhiteTeam "Buducnost"]
[BlackTeam "Prosvjeta"]
[WhiteTeamCountry "MNE"]
[BlackTeamCountry "MNE"]

1. Nf3 d5 2. c4 d4 3. b4 b6 4. e3 dxe3 5. fxe3 Nf6 6. Bb2 e6 7. Be2 Bb7 8. 0-0 Be7 9. Ng5 0-0 10. Qc2 h6 11. Bxf6 hxg5 12. Bb2 Nd7 13. Bf3 Bxf3 14. Rxf3 f5 15. c5 Nf6 16. Nc3 g4 17. Rf4 Nh5 18. Rd4 Qe8 19. cxb6 axb6 20. Qb3 Rf6 21. Rc1 c5 22. Rc4 Bd6 23. bxc5 Bxc5 24. Nb5 Rh6 25. Nc7 Qb8 26. Be5 Ra3 27. Qb2 Rf6 1-0

[Event "MNT-ch 75th"]
[Site "Podgorica"]
[Date "2023.02.11"]
[Round "7"]
[White "Cadjenovic, Dragan"]
[Black "Lakusic, Zoran"]
[Result "0-1"]
[WhiteElo "1839"]
[BlackElo "1619"]
[PlyCount "108"]
[EventDate "2023.02.05"]
[EventType "swiss"]
[EventRounds "9"]
[EventCountry "MNE"]
[SourceTitle "CBM 212 Extra"]
[Source "ChessBase"]
[SourceDate "2023.03.31"]
[SourceVersion "1"]
[SourceVersionDate "2023.03.31"]
[SourceQuality "1"]

1. e4 c6 2. d4 d5 3. Nc3 dxe4 4. Nxe4 Nf6 5. Ng3 e5 6. Nf3 exd4 7. Nxd4 Bc5 8. c3 Bxd4 9. cxd4 Be6 10. Be2 0-0 11. 0-0 Nbd7 12. b3 b5 13. Qc2 Rc8 14. Be3 Qc7 15. Rac1 Nd5 16. Qd2 f5 17. f4 Qb6 18. Bd3 g6 19. Bf2 Qb8 20. Ne2 b4 21. Bc4 N7f6 22. Qd3 Kg7 23. Be1 a5 24. Bh4 Ne4 25. Rce1 Rce8 26. Rf3 Bf7 27. Qc2 Qd6 28. Bd3 Ndc3 29. Bxe4 Nxe2+ 30. Rxe2 fxe4 31. Rfe3 Bd5 32. Bg3 Qf6 33. Qc5 Ra8 34. Rf2 Kg8 35. h3 Rfb8 36. Rd2 Rb5 37. Qc1 a4 38. Qe1 axb3 39. axb3 Ra3 40. Qf2 Rxb3 41. Bh4 Qe6 42. Bg5 Rxe3 43. Qxe3 b3 44. Rb2 Ra5 45. Qc3 Rb5 46. Qe3 Kg7 47. Bd8 Qd7 48. Bh4 Qa7 49. Qf2 Rb4 50. Rd2 b2 51. Qg3 b1Q+ 52. Kh2 Qaa1 53. Qg5 Qh1+ 54. Kg3 Rb3+ 0-1

[Event "MNT-ch 75th"]
[Site "Podgorica"]
[Date "2023.02.09"]
[Round "5"]
[White "Cadjenovic, Dragan"]
[Black "Kovacevic, Dragoljub"]
[Result "0-1"]
[WhiteElo "1839"]
[BlackElo "2009"]
[PlyCount "70"]
[EventDate "2023.02.05"]
[EventType "swiss"]
[EventRounds "9"]
[EventCountry "MNE"]
[SourceTitle "CBM 212 Extra"]
[Source "ChessBase"]
[SourceDate "2023.03.31"]
[SourceVersion "1"]
[SourceVersionDate "2023.03.31"]
[SourceQuality "1"]

1. e4 c5 2. Nf3 Nc6 3. Bc4 a6 4. c3 e6 5. Bb3 d5 6. exd5 exd5 7. 0-0 Nf6 8. d4 c4 9. Bc2 Be7 10. Re1 0-0 11. Bg5 h6 12. Bh4 Re8 13. Nbd2 b5 14. Nf1 Be6 15. Ne3 Qc7 16. Rc1 Nd7 17. Bg3 Bd6 18. Bb1 Rab8 19. Qc2 Nf8 20. Re2 Bxg3 21. hxg3 Qd6 22. Nh4 g6 23. Rce1 Re7 24. Qd2 h5 25. Nf3 b4 26. Ng5 Bg4 27. Nf3 bxc3 28. bxc3 Nd7 29. Rc1 Nf6 30. Nxg4 Nxg4 31. Rxe7 Nxe7 32. Re1 Qa3 33. Qf4 Rb7 34. Ng5 f6 35. Ne6 Qb2 0-1

[Event "MNT-ch 75th"]
[Site "Podgorica"]
[Date "2023.02.07"]
[Round "3"]
[White "Cadjenovic, Dragan"]
[Black "Miletic, Vuk"]
[Result "0-1"]
[WhiteElo "1839"]
[BlackElo "2197"]
[PlyCount "72"]
[EventDate "2023.02.05"]
[EventType "swiss"]
[EventRounds "9"]
[EventCountry "MNE"]
[SourceTitle "CBM 212 Extra"]
[Source "ChessBase"]
[SourceDate "2023.03.31"]
[SourceVersion "1"]
[SourceVersionDate "2023.03.31"]
[SourceQuality "1"]

1. e4 c5 2. Nf3 Nc6 3. Nc3 g6 4. d4 cxd4 5. Nxd4 Bg7 6. Be3 Nf6 7. Be2 0-0 8. Qd2 d5 9. exd5 Nxd5 10. Nxd5 Qxd5 11. Bf3 Qe5 12. Nxc6 bxc6 13. 0-0 Ba6 14. Rfe1 Rfd8 15. Qb4 Qxb2 16. Qxe7 Qxa1 17. Rxa1 Bxa1 18. g3 Bc4 19. a4 a6 20. h4 Bd5 21. Kg2 h5 22. a5 Bg7 23. Qc5 Bf8 24. Qc3 Bg7 25. Qb4 Rab8 26. Bb6 Bxf3+ 27. Kxf3 Bd4 28. c4 c5 29. Qa3 Rdc8 30. Qa4 Rb7 31. Kg2 Re7 32. Kf3 Kh7 33. Qa3 Rc6 34. Kg2 Re2 35. Bd8 Rxf2+ 36. Kh3 Re6 0-1

[Event "MNT-ch 75th"]
[Site "Podgorica"]
[Date "2023.02.06"]
[Round "2"]
[White "Racic, Andrej"]
[Black "Cadjenovic, Dragan"]
[Result "0-1"]
[WhiteElo "1345"]
[BlackElo "1839"]
[PlyCount "36"]
[EventDate "2023.02.05"]
[EventType "swiss"]
[EventRounds "9"]
[EventCountry "MNE"]
[SourceTitle "CBM 212 Extra"]
[Source "ChessBase"]
[SourceDate "2023.03.31"]
[SourceVersion "1"]
[SourceVersionDate "2023.03.31"]
[SourceQuality "1"]

1. d4 d5 2. c4 c6 3. Nf3 Nf6 4. Qb3 dxc4 5. Qxc4 Nbd7 6. Bf4 Qa5+ 7. Qc3 Qb6 8. Nbd2 Nd5 9. Nc4 Qd8 10. Qd2 Nxf4 11. Qxf4 g6 12. Ng5 Nf6 13. Ne5 Be6 14. Nxe6 fxe6 15. f3 Bg7 16. Kf2 0-0 17. g3 g5 18. Qxg5 Ne4+ 0-1

[Event "MNT-ch 75th"]
[Site "Podgorica"]
[Date "2023.02.05"]
[Round "1"]
[White "Cadjenovic, Dragan"]
[Black "Sukovic, Andrej"]
[Result "0-1"]
[WhiteElo "1839"]
[BlackElo "2286"]
[PlyCount "60"]
[EventDate "2023.02.05"]
[EventType "swiss"]
[EventRounds "9"]
[EventCountry "MNE"]
[SourceTitle "CBM 212 Extra"]
[Source "ChessBase"]
[SourceDate "2023.03.31"]
[SourceVersion "1"]
[SourceVersionDate "2023.03.31"]
[SourceQuality "1"]

1. d4 Nf6 2. c4 g6 3. Nc3 Bg7 4. Nf3 0-0 5. e4 d6 6. Be2 e5 7. dxe5 dxe5 8. Qc2 Nc6 9. Bg5 Bg4 10. Nd5 Bxf3 11. gxf3 Nd4 12. Qd2 c6 13. Nc3 Qa5 14. 0-0-0 a6 15. Kb1 b5 16. Bxf6 Bxf6 17. Nd5 Qd8 18. Nxf6+ Qxf6 19. Qe3 Rab8 20. Rd2 Rfd8 21. h4 h5 22. Rd3 Rb7 23. Ra3 c5 24. cxb5 axb5 25. Rc3 c4 26. Bd1 Ra8 27. Qh6 Rba7 28. a4 Qe6 29. Qc1 Nb3 30. Bxb3 cxb3 0-1

[Event "MNT-ch 74th"]
[Site "Podgorica"]
[Date "2022.02.25"]
[Round "7"]
[White "Feratovic, Fahrudin"]
[Black "Cadjenovic, Dragan"]
[Result "0-1"]
[WhiteElo "1935"]
[BlackElo "1836"]
[PlyCount "98"]
[EventDate "2022.02.19"]
[EventType "swiss"]
[EventRounds "9"]
[EventCountry "MNE"]
[SourceTitle "EXT 2023"]
[Source "ChessBase"]
[SourceDate "2022.10.05"]
[SourceVersion "1"]
[SourceVersionDate "2022.10.05"]
[SourceQuality "1"]

1. e4 e5 2. Nf3 Nc6 3. Bb5 d6 4. d4 exd4 5. Nxd4 Bd7 6. Bxc6 bxc6 7. Nc3 Nf6 8. Bf4 c5 9. Nf3 Bc6 10. Qd3 Be7 11. 0-0 Nh5 12. Be3 Nf6 13. Rad1 Qc8 14. b3 0-0 15. h3 h6 16. Bf4 Qb7 17. Rfe1 Rfe8 18. Re3 Bf8 19. Rde1 Rad8 20. Qe2 Qb4 21. Bh2 g6 22. Nd2 Bg7 23. Nc4 Nd7 24. a3 Qb8 25. Qd3 Nf8 26. h4 Qc8 27. h5 g5 28. Ne2 Qg4 29. Ng3 Bd4 30. Nf5 Qxh5 31. Rh3 Qg6 32. Rxh6 Qxf5 33. Qf3 Bxe4 34. Qxf5 Bxf5 35. Rxe8 Rxe8 36. Bg3 Re1+ 37. Kh2 Bxc2 38. b4 Re2 39. bxc5 Bxc5 40. Rf6 Be4 41. Rh6 Kg7 42. Rh5 f6 43. Kg1 Re1+ 44. Kh2 Re2 45. Kg1 Ra2 46. Na5 Ng6 47. Nb3 Bb6 48. a4 a5 49. Rh1 f5 0-1

[Event "MNT-ch 74th"]
[Site "Podgorica"]
[Date "2022.02.23"]
[Round "5"]
[White "Perisic, Nikola"]
[Black "Cadjenovic, Dragan"]
[Result "0-1"]
[WhiteElo "1627"]
[BlackElo "1836"]
[PlyCount "71"]
[EventDate "2022.02.19"]
[EventType "swiss"]
[EventRounds "9"]
[EventCountry "MNE"]
[SourceTitle "EXT 2023"]
[Source "ChessBase"]
[SourceDate "2022.10.05"]
[SourceVersion "1"]
[SourceVersionDate "2022.10.05"]
[SourceQuality "1"]

1. d4 Nf6 2. Nf3 d5 3. Bf4 Nbd7 4. e3 g6 5. c4 c6 6. Nc3 Bg7 7. cxd5 Nxd5 8. Nxd5 cxd5 9. Qb3 Qa5+ 10. Qc3 Qb6 11. Bd3 0-0 12. 0-0 Nf6 13. h3 Ne4 14. Qc2 Nd6 15. g4 Bd7 16. Rfc1 Rac8 17. Qe2 f6 18. Bxd6 Qxd6 19. e4 dxe4 20. Qxe4 e6 21. Rxc8 Bxc8 22. Re1 f5 23. gxf5 Rxf5 24. Bc4 Rf4 25. Qe3 Bh6 26. Kf1 Rh4 27. Bxe6+ Bxe6 28. Qxe6+ Qxe6 29. Rxe6 Rxh3 30. Kg2 Rh5 31. Re7 Rb5 32. b3 a5 33. Kf1 Bf8 34. Rd7 g5 35. Ne5 Bg7 36. Ke1 0-1

[Event "MNT-chT"]
[Site "Podgorica"]
[Date "2020.10.13"]
[Round "7.1"]
[White "Cadjenovic, Dragan"]
[Black "Bukvic, Mihailo"]
[Result "0-1"]
[WhiteElo "1826"]
[BlackElo "2053"]
[PlyCount "90"]
[EventDate "2020.10.09"]
[EventType "team-tourn"]
[EventRounds "9"]
[EventCountry "MNE"]
[SourceTitle "CBM 198 Extra"]
[Source "ChessBase"]
[SourceDate "2020.11.30"]
[SourceVersion "1"]
[SourceVersionDate "2020.11.30"]
[SourceQuality "1"]
[WhiteTeam "Prosvjeta"]
[BlackTeam "Cetinje"]
[WhiteTeamCountry "MNE"]
[BlackTeamCountry "MNE"]

1. e4 e5 2. Nf3 Nc6 3. Bb5 a6 4. Ba4 d6 5. 0-0 Bg4 6. c3 Qf6 7. d3 Nge7 8. Re1 Ng6 9. Bxc6+ bxc6 10. Qa4 Bd7 11. Bg5 Qe6 12. Nbd2 h6 13. Be3 Be7 14. Nf1 0-0 15. Ng3 Rfb8 16. Qc2 Nf4 17. Nf5 Bf8 18. Qd2 g6 19. Bxf4 exf4 20. N5d4 Qg4 21. h3 Qh5 22. Qxf4 c5 23. Ne2 g5 24. Ng3 Qg6 25. Qd2 f6 26. Re2 h5 27. Nf1 Bh6 28. Ne3 c6 29. g4 Bf8 30. Nf5 Ra7 31. Kg2 Be6 32. c4 a5 33. Rf1 a4 34. Qc3 Rb4 35. Nh2 h4 36. Qc1 d5 37. cxd5 cxd5 38. f4 dxe4 39. Rxe4 Bd5 40. Rfe1 Rab7 41. R1e2 gxf4 42. Nf3 Bxe4 43. dxe4 Qf7 44. a3 Qc4 45. Qd1 Rxb2 0-1

[Event "MNT-ch 72nd"]
[Site "Podgorica"]
[Date "2020.09.12"]
[Round "2"]
[White "Djurovic, Peko"]
[Black "Cadjenovic, Dragan"]
[Result "1-0"]
[WhiteElo "2003"]
[BlackElo "1810"]
[PlyCount "43"]
[EventDate "2020.09.11"]
[EventType "swiss"]
[EventRounds "9"]
[EventCountry "MNE"]
[SourceTitle "CBM 198 Extra"]
[Source "ChessBase"]
[SourceDate "2020.11.30"]
[SourceVersion "1"]
[SourceVersionDate "2020.11.30"]
[SourceQuality "1"]

1. e4 d5 2. exd5 Qxd5 3. Nc3 Qd8 4. d4 Nf6 5. Nf3 b6 6. Be2 Bb7 7. 0-0 Nbd7 8. Ne5 e6 9. Bf3 Nd5 10. Nxd5 exd5 11. Re1 Be7 12. Qe2 Nf6 13. Qb5+ Kf8 14. Nc6 Bxc6 15. Qxc6 Rc8 16. Bg5 h6 17. Bxf6 Bxf6 18. Bg4 Rb8 19. Bd7 Be7 20. Re2 b5 21. Rae1 Rb6 22. Rxe7 1-0

[Event "MNT-ch 72nd"]
[Site "Podgorica"]
[Date "2020.09.11"]
[Round "1"]
[White "Cadjenovic, Dragan"]
[Black "Popadic, Dragan"]
[Result "0-1"]
[WhiteElo "1810"]
[BlackElo "2171"]
[PlyCount "90"]
[EventDate "2020.09.11"]
[EventType "swiss"]
[EventRounds "9"]
[EventCountry "MNE"]
[SourceTitle "CBM 198 Extra"]
[Source "ChessBase"]
[SourceDate "2020.11.30"]
[SourceVersion "1"]
[SourceVersionDate "2020.11.30"]
[SourceQuality "1"]

1. d4 Nf6 2. c4 g6 3. Nc3 Bg7 4. e4 d6 5. Nf3 0-0 6. Bd3 Nbd7 7. 0-0 e5 8. dxe5 Nxe5 9. Nxe5 dxe5 10. Bg5 h6 11. Bh4 c6 12. Qe2 Qc7 13. h3 Nh5 14. b3 Qd6 15. Bc2 Bf6 16. Bxf6 Qxf6 17. Qe3 Kg7 18. Ne2 Be6 19. Rad1 Rfd8 20. Rxd8 Rxd8 21. Rd1 Rxd1+ 22. Bxd1 b6 23. Kh2 Qd8 24. Bc2 Qd6 25. Qc3 Kh7 26. g4 Ng7 27. b4 c5 28. a3 Ne8 29. Ba4 Nc7 30. Bc2 cxb4 31. axb4 Na6 32. b5 Nc5 33. f3 Nb7 34. Bd3 Qc5 35. Kg2 Nd6 36. f4 f6 37. Qa1 Nc8 38. Qc3 Bf7 39. Kf3 Kg7 40. fxe5 fxe5 41. Nf4 Ne7 42. Nd5 Nxd5 43. exd5 Bxd5+ 44. Be4 Bf7 45. Qc2 Qd4 0-1

[Event "EU-ch Amateur U2000"]
[Site "Niksic"]
[Date "2018.06.19"]
[Round "7"]
[White "Nagy, Laszlo3333"]
[Black "Cadjenovic, Dragan"]
[Result "1/2-1/2"]
[WhiteElo "1974"]
[BlackElo "1857"]
[PlyCount "91"]
[EventDate "2018.06.14"]
[EventType "swiss"]
[EventRounds "9"]
[EventCountry "MNE"]
[SourceTitle "EXT 2019"]
[Source "ChessBase"]
[SourceDate "2018.10.10"]
[SourceVersion "1"]
[SourceVersionDate "2018.10.10"]
[SourceQuality "1"]

1. Nf3 Nf6 2. g3 g6 3. Bg2 Bg7 4. d4 d5 5. c4 c6 6. Nc3 0-0 7. 0-0 Re8 8. Ne5 Be6 9. cxd5 cxd5 10. Qb3 Nc6 11. Nxc6 bxc6 12. Bf4 Nh5 13. Be3 Qd7 14. Na4 Rab8 15. Qc3 Qb7 16. b3 Qb5 17. Bf3 Bh3 18. Rfc1 Rbc8 19. Nc5 Nf6 20. a4 Qb6 21. Bf4 Bf5 22. Be5 Bh6 23. Bf4 Bxf4 24. gxf4 Qc7 25. e3 e6 26. b4 Qe7 27. Bg2 Nh5 28. f3 Qh4 29. Ra2 g5 30. fxg5 Qxg5 31. Kh1 Qh6 32. Bf1 Bg6 33. Rg2 Kh8 34. Be2 Rg8 35. Rcg1 Rgd8 36. f4 Nf6 37. Bf3 Qh4 38. Qe1 Qh6 39. Qc3 Qf8 40. Rc1 Qe7 41. Rb2 Rg8 42. Rg2 Rg7 43. Rcg1 Ng8 44. Bh5 Qh4 45. Bxg6 hxg6 46. Nd7 1/2-1/2

[Event "EU-ch Amateur U2000"]
[Site "Niksic"]
[Date "2018.06.15"]
[Round "2"]
[White "Vujovic, Savo"]
[Black "Cadjenovic, Dragan"]
[Result "1/2-1/2"]
[WhiteElo "1692"]
[BlackElo "1857"]
[PlyCount "74"]
[EventDate "2018.06.14"]
[EventType "swiss"]
[EventRounds "9"]
[EventCountry "MNE"]
[SourceTitle "EXT 2019"]
[Source "ChessBase"]
[SourceDate "2018.10.10"]
[SourceVersion "1"]
[SourceVersionDate "2018.10.10"]
[SourceQuality "1"]

1. e4 d5 2. exd5 Qxd5 3. Nc3 Qd8 4. d4 c6 5. Bc4 Nf6 6. Nf3 Bf5 7. Ne5 e6 8. g4 Bg6 9. Nxg6 hxg6 10. g5 Nd5 11. Nxd5 cxd5 12. Bd3 Bd6 13. Qg4 Nc6 14. Be3 Qc7 15. f4 0-0-0 16. 0-0 Kb8 17. c3 Ne7 18. Rac1 Nf5 19. Bxf5 gxf5 20. Qe2 Rh4 21. Qd2 Rdh8 22. Rf2 Rg4+ 23. Kh1 Qc6 24. Rg1 Rxg1+ 25. Kxg1 g6 26. Rf3 Rh4 27. Qf2 Rh5 28. Qf1 Rh8 29. Rh3 Rf8 30. Rh7 Qa4 31. a3 Kc7 32. Qe2 Qe8 33. Kg2 Rh8 34. Rxh8 Qxh8 35. Kg3 a6 36. a4 Qd8 37. h4 Qh8 1/2-1/2

[Event "Podgorica Buducnost op 1st"]
[Site "Podgorica"]
[Date "2015.03.17"]
[Round "2"]
[White "Cadjenovic, Dragan"]
[Black "Skenderovic, Ismet"]
[Result "1-0"]
[WhiteElo "1883"]
[BlackElo "2066"]
[PlyCount "51"]
[EventDate "2015.03.16"]
[EventType "swiss"]
[EventRounds "7"]
[EventCountry "MNE"]
[SourceTitle "EXT 2018"]
[Source "ChessBase"]
[SourceDate "2017.10.13"]
[SourceVersion "1"]
[SourceVersionDate "2017.10.13"]
[SourceQuality "1"]

1. e4 d6 2. d4 Nf6 3. Nc3 e5 4. dxe5 dxe5 5. Qxd8+ Kxd8 6. Bg5 Bb4 7. 0-0-0+ Bd6 8. Bc4 Ke8 9. f3 Nbd7 10. Nb5 Ke7 11. Ne2 a6 12. Nxd6 cxd6 13. Nc3 h6 14. Nd5+ Kd8 15. Be3 Nxd5 16. Rxd5 Ke7 17. Rhd1 b5 18. Bb3 Bb7 19. Rxd6 Bc8 20. a3 Rb8 21. Kb1 Rf8 22. h4 Rh8 23. Rc6 a5 24. Rc7 a4 25. Bd5 Kf6 26. Ba7 1-0

[Event "MNT-chT 1st League"]
[Site "Podgorica"]
[Date "2014.10.12"]
[Round "9.4"]
[White "Milosevic, Dejan"]
[Black "Cadjenovic, Dragan"]
[Result "1/2-1/2"]
[WhiteElo "1947"]
[BlackElo "1871"]
[PlyCount "20"]
[EventDate "2014.08.29"]
[EventType "team-tourn"]
[EventRounds "9"]
[EventCountry "MNE"]
[SourceTitle "EXT 2018"]
[Source "ChessBase"]
[SourceDate "2017.10.13"]
[SourceVersion "1"]
[SourceVersionDate "2017.10.13"]
[SourceQuality "1"]
[WhiteTeam "Crnogorac"]
[BlackTeam "Zora"]
[WhiteTeamCountry "MNE"]
[BlackTeamCountry "MNE"]

1. e4 e5 2. Nf3 Nc6 3. Bc4 Be7 4. d3 Nf6 5. Nc3 0-0 6. Bg5 d6 7. 0-0 Bg4 8. Bxf6 Bxf6 9. h3 Be6 10. Bxe6 fxe6 1/2-1/2

[Event "MNT-chT 1st League"]
[Site "Podgorica"]
[Date "2014.10.11"]
[Round "8.6"]
[White "Cadjenovic, Dragan"]
[Black "Krstonijevic, Vasilije"]
[Result "1/2-1/2"]
[WhiteElo "1871"]
[BlackElo "1711"]
[PlyCount "38"]
[EventDate "2014.08.29"]
[EventType "team-tourn"]
[EventRounds "9"]
[EventCountry "MNE"]
[SourceTitle "EXT 2018"]
[Source "ChessBase"]
[SourceDate "2017.10.13"]
[SourceVersion "1"]
[SourceVersionDate "2017.10.13"]
[SourceQuality "1"]
[WhiteTeam "Zora"]
[BlackTeam "Dijagonale"]
[WhiteTeamCountry "MNE"]
[BlackTeamCountry "MNE"]

1. e4 c5 2. Nf3 e6 3. d4 cxd4 4. Nxd4 Nc6 5. Nc3 Qc7 6. Be3 a6 7. Qd2 Nf6 8. Be2 Bb4 9. f3 d5 10. Nxc6 bxc6 11. Bg5 Qe5 12. Bf4 Bxc3 13. bxc3 Qh5 14. g4 Qg6 15. e5 Nd7 16. Bd3 f5 17. gxf5 exf5 18. c4 Qe6 19. cxd5 cxd5 1/2-1/2

[Event "MNT-chT 1st League"]
[Site "Podgorica"]
[Date "2014.08.31"]
[Round "3.3"]
[White "Mugosa, Srdjan"]
[Black "Cadjenovic, Dragan"]
[Result "1-0"]
[WhiteElo "2072"]
[BlackElo "1871"]
[PlyCount "104"]
[EventDate "2014.08.29"]
[EventType "team-tourn"]
[EventRounds "9"]
[EventCountry "MNE"]
[SourceTitle "EXT 2018"]
[Source "ChessBase"]
[SourceDate "2017.10.13"]
[SourceVersion "1"]
[SourceVersionDate "2017.10.13"]
[SourceQuality "1"]
[WhiteTeam "Mornar"]
[BlackTeam "Zora"]
[WhiteTeamCountry "MNE"]
[BlackTeamCountry "MNE"]

1. c4 e5 2. Nc3 c5 3. g3 Nc6 4. Bg2 Nf6 5. d3 Be7 6. Rb1 0-0 7. a3 Rb8 8. e4 Nd4 9. Nge2 d6 10. 0-0 Be6 11. h3 h5 12. f4 g6 13. b4 b6 14. Nxd4 cxd4 15. Nd5 Bxd5 16. cxd5 Qd7 17. Rf2 Rbc8 18. Bd2 Rc7 19. Qb3 Kg7 20. Rbf1 Nh7 21. b5 f6 22. a4 Rfc8 23. Bb4 Rc1 24. Kh2 Rxf1 25. Bxf1 Qc7 26. Qa3 Nf8 27. h4 Nd7 28. Bh3 Rd8 29. Qb2 Nc5 30. Qc2 Rf8 31. Qd1 Qd8 32. f5 Qe8 33. fxg6 Qxg6 34. Bf5 Qf7 35. Ba3 Rh8 36. Rg2 Kf8 37. Kh3 Qg7 38. g4 hxg4+ 39. Rxg4 Qf7 40. Bxc5 dxc5 41. Be6 Qh7 42. Qf3 Qh6 43. Qf5 Qe3+ 44. Rg3 Qh6 45. Qg4 Qh7 46. d6 Bxd6 47. Bd5 f5 48. exf5 e4 49. f6 Qxh4+ 50. Qxh4 Rxh4+ 51. Kxh4 Bxg3+ 52. Kxg3 e3 1-0

[Event "MNT-chT 1st League"]
[Site "Podgorica"]
[Date "2014.08.30"]
[Round "2.4"]
[White "Borozan, Nikola"]
[Black "Cadjenovic, Dragan"]
[Result "1/2-1/2"]
[WhiteElo "2079"]
[BlackElo "1871"]
[PlyCount "36"]
[EventDate "2014.08.29"]
[EventType "team-tourn"]
[EventRounds "9"]
[EventCountry "MNE"]
[SourceTitle "EXT 2018"]
[Source "ChessBase"]
[SourceDate "2017.10.13"]
[SourceVersion "1"]
[SourceVersionDate "2017.10.13"]
[SourceQuality "1"]
[WhiteTeam "Cetinje"]
[BlackTeam "Zora"]
[WhiteTeamCountry "MNE"]
[BlackTeamCountry "MNE"]

1. e4 c5 2. Nf3 d6 3. d4 cxd4 4. Nxd4 Nf6 5. Nc3 a6 6. Bc4 e6 7. Bb3 Qc7 8. 0-0 Be7 9. Qf3 Nc6 10. Nxc6 bxc6 11. Qg3 Nh5 12. Qh3 g6 13. f4 0-0 14. f5 exf5 15. exf5 d5 16. Kh1 Bd6 17. Bh6 Re8 18. g4 Ng7 1/2-1/2